000 02910cgm a22006734i 4500
001 sky302978872
003 SKY
005 20210401143623.0
007 vd cvaizq
008 210210s2021 cau126 e vleng d
010 _abe2021002670
020 _a9786318450355 (DVD)
020 _a6318450351 (DVD)
024 7 _a00191329160541
_2gtin-14
024 1 _a191329160541
028 4 2 _a43215197
_bUniversal Pictures Home Entertainment
040 _aNjBwBT
_beng
_cNjBwBT
_dCoBoFLC
_dSKYRV
041 1 _aeng
_jeng
_jspa
_heng
046 _k2019
050 1 4 _aPN1997.2
_b.F75 2021
082 0 4 _a791.43/72
_223
245 1 0 _aOur friend
_h[dvd]. /
_cproduced by Kevin Walsh, Michael Pruss, Ryan Stowell, Teddy Schwarzman ; screenplay by Brad Ingelsby ; directed by Gabriela Cowperthwaite.
260 _bUniversal Studios Home Entert.
264 4 _aUniversal City, CA :
_bUniversal Pictures Home Entertainment,
_c[2021]
_c©2021
300 _a1 videodisc (2 hr., 6 min.) :
_bsound, color ;
_c4 3/4 in.
344 _adigital
_boptical
_gsurround
_hDolby digital 5.1
_2rda
345 _awidescreen
_2rda
346 _bNTSC
_2rda
347 _avideo file
_eregion 1
_2rda
_bDVD video
380 _aMotion picture
500 _aOriginally released as a motion picture in 2019.
500 _aBased on the article by Matthew Teague.
500 _aDolby digital 5.1, anamorphic wide screen 1.85:1.
500 _aFeatures: behind the scenes with the cast and crew.
511 1 _aJason Segel, Dakota Johnson, Casey Affleck, Isabella Kai Rice, Violet McGraw.
520 _aFollows Matt and Nicole Teague and their two young daughters after Nicole is diagnosed with terminal cancer and the couple's best friend puts his life on hold to stay with them for help and support.
521 8 _aMPAA rating: R.
538 _aDVD, anamorphic widescreen 1.85:1, NTSC Region 1, Dolby Digital 5.1 audio.
540 _aFor private home use only.
546 _aIn English with optional Spanish subtitles.
546 _aClosed-captioned.
600 1 0 _aTeague, Matthew
_vFilm adaptations.
_96411996
650 0 _aFriendship
_vDrama.
_95682261
650 0 _aFamilies
_vDrama.
_95675607
650 0 _aTerminally ill
_vDrama.
_95739772
650 7 _aFamilies.
_2fast
_0(OCoLC)fst01728849
650 7 _aTerminally ill.
_2fast
_0(OCoLC)fst01147878
655 7 _aFilm adaptations.
_2lcgft
655 7 _aFeature films.
_2lcgft
655 7 _aFiction films.
_2lcgft
655 0 _aDVD-Video discs.
655 7 _aDrama films.
_2local
_95719111
655 7 _aVideo recordings for the hearing impaired.
_2lcgft
700 1 _aCowperthwaite, Gabriela,
_edirector.
_96411997
700 1 _aSegel, Jason,
_d1980-
_eactor.
_95763805
700 1 _aJohnson, Dakota,
_d1989-
_eactor.
_95806700
700 1 _aAffleck, Casey,
_d1975-
_eactor.
_iMotion picture adaptation of (work):
_965219
700 1 _aTeague, Matthew.
_tFriend.
_96411998
999 _c360087
_d360087